• 首页
  • 本馆介绍
  • 公告通知
  • 最新文献
  • 馆藏检索
  • 电子资源
  • 读者导购
  • 参考咨询
  • 我的图书馆
  • 登录
  • 详细信息显示
  • 放入我的书架
  • 预约/预借图书
  • 作者相关作品
  • 分类相关作品
  • 丛书相关作品
  • 出版社相关作品

书目信息

  • 表格格式
  • 工作单格式
  • 卡片格式
题名:
瓦尔登湖
    
 
作者: 梭罗 著 ;高格 译
分册:  
出版信息: 北京   中国华侨出版社  2018
页数: 314页
开本: 21cm
丛书名:
单 册:
中图分类: I712.64
科图分类:
主题词: 散文集--美国--近代
电子资源:
ISBN: 978-7-5113-7386-1
000 01113nam0 2200253 45
001 012001008091
005 20130122101642.0
010    @a978-7-5113-7386-1@dCNY45.00
100    @a20180810d2018 em y0chiy50 ea
101 1  @achi@ceng
102    @aCN@b110000
105    @aa z 000cy
106    @ar
200 1  @a瓦尔登湖@9wa er deng hu@b专著@f(美)梭罗著@g高格译
210    @a北京@c中国华侨出版社@d2018
215    @a314页@c彩图@d21cm
314    @a亨利·戴维·梭罗 (1817-1862),出生于马萨诸塞州康科德镇,毕业于哈佛大学。美国著名作家、思想家、改革家、自然主义者。他除了被人尊称为第一个环境保护主义者外,还是一位关注人类生存状况的有影响的哲学家。
330    @a本书是美国作家亨利·戴维·梭罗独居瓦尔登湖畔的记录,书中描绘了他两年多时间里的所见、所闻和所思。该书崇尚简朴生活,热爱大自然的风光,里面所插叙的一切对象,都浸润着棱罗的全部情感,其内容丰厚,意义深远,语言生动。
606 0  @a散文集@y美国@z近代
690    @aI712.64@v5
701  0 @c(美)@a梭罗@9suo luo@c(Thoreau, Henry David@f1817-1862)@4著
702  0 @a高格@9gao ge@4译
801  2 @aCN@b上海新华@c20191020
905    @b1134421-4@dI712.64@e1209@f4
    
    瓦尔登湖/(美)梭罗著/高格译.-北京:中国华侨出版社,2018
    314页:彩图;21cm
    
    
    ISBN 978-7-5113-7386-1:CNY45.00
    本书是美国作家亨利·戴维·梭罗独居瓦尔登湖畔的记录,书中描绘了他两年多时间里的所见、所闻和所思。该书崇尚简朴生活,热爱大自然的风光,里面所插叙的一切对象,都浸润着棱罗的全部情感,其内容丰厚,意义深远,语言生动。
●
相关链接 在E读中查询图书 在五车中查询图书 在当当中查询图书 在豆瓣中查询图书


正题名:瓦尔登湖     索取号:I712.64/1209         预约/预借

序号 登录号 条形码 馆藏地/架位号 状态 备注
1 1134421   211344213   第一样本阅览室/ [索取号:I712.64/1209] 在馆    
2 1134422   211344222   第二借阅区/ [索取号:I712.64/1209] 在馆    
3 1134423   211344231   第二借阅区/ [索取号:I712.64/1209] 在馆    
4 1134424   211344240   第二借阅区/ [索取号:I712.64/1209] 在馆    
唐山师范学院图书馆 欢迎您!
大连网信软件有限公司© 版权所有